000 00732nam a2200277Ia 4500
001 6478
005 20240113233920.0
007 ta
008 050627s1968 a g b000 u eng u
040 _aCotton College,Assam
041 _aeng
082 _a539.81
_bT 633 F
100 _aTakeda, Gyo .
245 0 _aFundamental Particle Physics /
_cGyo Takeda & Yasuo Hara.
_hTextual Documents
250 _a1st ed. /
260 _aNew York :
_bW.A. Benjamin, Inc ,
_c1968.
300 _avii, 167p. :
_bill. ;
_c23cm .
504 _aBib.
653 _aPhysics-Particle
653 _aParticle Physics
653 _aPG-Physics
700 _aHara, Yasuo .
942 _2ddc
_cBK
999 _c6465
_d6465